Nomeie cada pokémon #9 - Statistics

Estatísticas Gerais
  • Esse quiz foi jogado 29 vezes
  • A pontuação média é 23 de 30
Estatísticas das Respostas
Imagem Resposta % Correto
Beedrill
100%
Mr. Mime
96%
Ninetales
96%
Sandshrew
96%
Tentacruel
96%
Dodrio
93%
Dratini
93%
Hypno
93%
Vaporeon
93%
Voltorb
93%
Xatu
93%
Diglett
89%
Koffing
89%
Marill
89%
Kabutops
86%
Heracross
82%
Poliwrath
82%
Cleffa
75%
Hoppip
75%
Wigglytuff
75%
Sentret
68%
Sunkern
68%
Typhlosion
68%
Murkrow
61%
Quagsire
57%
Wobbuffet
54%
Ledian
50%
Forretress
46%
Snubbull
46%
Unown B
39%
Nenhum quiz correspondente encontrado
Distribuição das Pontuações
Porcentagem de Pessoas com Cada Pontuação
Percentil de Números Respondidos
Sua Pontuação Histórica
Você não jogou esse quiz